Canadian journal of psychiatry Revue canadienne de psychiatrie.

Bibliographic Details
Previous Title:Canadian Psychiatric Association. Canadian Psychiatric Association journal
Corporate Author: Canadian Psychiatric Association
Format: Electronic Journal
Language:English
Published: Ottawa : Canadian Psychiatric Association
Subjects:
Online Access:Full text available from Research Library: 09/01/2004 to 12/31/2016

MARC

LEADER 00000nas a2200000 a 4500
001 ssj0000228
003 WaSeSS
005 20200512172242.0
006 m d
007 cr n
008 050615c19799999oncmr pss 0 0eng c
010 |a  2008263235 
022 |y 0706-7437 
030 |a CPAJAK 
035 |a (WaSeSS)ssj0000228 
037 |b The Canadian Psychiatric Association, 141 Laurier Avenue West, Suite 701, Ottawa, Ontario K1P 5J3 
040 |a OCLCS  |b eng  |c OCLCS  |d CUS  |d TMC  |d GUA  |d OCLCQ  |d SBH  |d TXA  |d OCLCQ  |d OCLCF  |d OCLCQ  |d OCLCO  |d OCLCQ  |d UAB  |d LIP  |d OCLCO  |d XFH  |d OCLCO  |d WT2  |d WY@  |d OCLCO  |d OCLCQ  |d BUF  |d APUMS  |d OCLCA  |d OCLCQ  |d TOF  |d WYU  |d U3W  |d VT2  |d OCLCQ  |d OCLCO  |d OCLCA  |d WaSeSS 
041 0 |a eng  |b fre 
042 |a pcc 
043 |a n-cn--- 
050 1 4 |a RC321  |b .C3 
055 0 1 |a RC321 
060 0 0 |a W1  |b CA602V 
082 0 4 |a 616.8/9/00971 
130 0 |a Canadian journal of psychiatry (Online) 
245 1 0 |a Canadian journal of psychiatry  |h [electronic resource] :  |b Revue canadienne de psychiatrie. 
246 3 1 |a Revue canadienne de psychiatrie 
246 1 3 |a CJP 
260 |a Ottawa :  |b Canadian Psychiatric Association 
310 |a Monthly,  |b 2004- 
321 |a Nine no. a year,  |b -1990 
321 |a Monthly (except Jan. and July),  |b 1991-2002 
321 |a Monthly (except Jan.),  |b 2003 
362 1 |a Print began with vol. 24 in Feb. 1979. 
500 |a Includes indexes. 
506 |a License restrictions may limit access. 
525 |a Supplements accompany some issues. 
538 |a Mode of access: World Wide Web. 
546 |a Chiefly in Eglish, some text in French; summaries in English and French. 
550 |a "Official journal of the Canadian Psychiatric Association." 
588 0 |a Vol. 41, no. 10 (Dec. 1996); title from PDF running title (CPA site, viewed Mar. 12, 2008). 
588 1 |a Vol. 53, no. 2 (Feb. 2008) (viewed Mar. 12, 2008). 
650 0 |a Psychiatry  |v Periodicals. 
650 0 |a Psychiatry  |z Canada  |v Periodicals. 
650 2 |a Mental Disorders. 
650 6 |a Psychiatrie  |z Canada  |v Périodiques. 
650 7 |a Psychiatry.  |2 fast  |0 (OCoLC)fst01081152 
651 7 |a Canada.  |2 fast  |0 (OCoLC)fst01204310 
655 0 |a Electronic journals. 
710 2 |a Canadian Psychiatric Association. 
776 1 |t Canadian journal of psychiatry  |x 0706-7437  |w (DLC) 79644376  |w (OCoLC)4678455 
780 0 0 |a Canadian Psychiatric Association.  |t Canadian Psychiatric Association journal 
856 4 0 |z Full text available from Research Library: 09/01/2004 to 12/31/2016  |u https://search.proquest.com/publication/35547